【C2】首都高中央環状と交差する鉄道路線 - Statistics

General Stats
  • This quiz has been taken 210 times
    191 since last reset
  • The average score is 40 of 45
Answer Stats
路線 交差区間 % Correct
JR京浜東北線 品川〜大井町
97%
西武新宿線 中井
95%
都営新宿線 東大島〜船堀
95%
東京メトロ東西線 落合〜中野
94%
東京メトロ東西線 南砂町〜西葛西
94%
JR横須賀線 品川〜西大井
93%
東京メトロ南北線 西ヶ原〜王子
92%
JR東海道本線 品川〜川崎
92%
JR中央本線 東中野〜中野
92%
JR東北本線(宇都宮線・高崎線) 尾久〜赤羽
92%
東京メトロ丸ノ内線 西新宿〜中野坂上
91%
東京メトロ副都心線 池袋〜要町
91%
都営三田線 西巣鴨〜新板橋〜板橋区役所前
91%
都営浅草線 五反田〜戸越
90%
東急東横線 中目黒
90%
東京メトロ千代田線 代々木公園〜代々木上原
90%
京王新線 新宿〜初台
90%
西武池袋線 池袋〜椎名町
90%
東京メトロ千代田線 北千住〜綾瀬
90%
東武伊勢崎線 小菅
90%
JR総武本線 平井〜新小岩
90%
東京メトロ日比谷線 中目黒
89%
京王線 新宿〜笹塚
89%
都営大江戸線 西新宿五丁目〜中野坂上〜東中野〜中井〜落合南長崎
89%
JR山手線 品川〜大崎〜五反田
89%
JR京浜東北線 王子
89%
京急本線 新馬場
88%
東急田園都市線 渋谷〜池尻大橋
88%
東京メトロ有楽町線 池袋〜要町
88%
東京臨海高速鉄道りんかい線 天王洲アイル〜品川シーサイド
88%
JR埼京線 板橋〜十条
88%
都電荒川線 飛鳥山〜王子駅前〜栄町
87%
京成本線 京成関屋〜堀切菖蒲園
87%
JR常磐線 北千住〜松戸
87%
東京モノレール羽田空港線 天王洲アイル〜大井競馬場前
86%
小田急小田原線 代々木八幡〜代々木上原
86%
東武東上本線 下板橋〜大山
86%
東急目黒線 目黒〜不動前
85%
都営日暮里・舎人ライナー 足立小台〜扇大橋
85%
つくばエクスプレス 北千住〜青井
85%
東急池上線 五反田〜大崎広小路
82%
京王井の頭線 神泉〜駒場東大前
81%
東海道新幹線 品川〜新横浜
79%
京成押上線 八広〜四ツ木
77%
東北新幹線 上野〜大宮
62%
No matching quizzes found
Score Distribution
Percent of People with Each Score
Percentile by Number Answered
Your Score History
You have not taken this quiz since the last reset